| 000 | 00892cac a22002411u 4500 | ||
|---|---|---|---|
| 090 | _c7467 | ||
| 008 | 081105t2004 xxu||||| |||| 00| 0 eng d | ||
| 010 | _a2004005400 | ||
| 020 | _a1405113146 (alk. paper) | ||
| 020 | _a1405113154 (pbk : alk. paper) | ||
| 082 | 0 | 0 |
_a152.409 _bOAT |
| 100 | _aOatley, Keith. | ||
| 245 | 1 | 0 |
_aEmotions : _ba brief history / _cKeith Oatley. |
| 260 |
_aMalden, MA : _bBlackwell Pub., _c2004. |
||
| 300 |
_axi, 190 p. : _bill. ; _c23 cm. |
||
| 440 | 0 | _aBlackwell brief histories of psychology | |
| 500 | _aDistributer: Al-Ahram. | ||
| 504 | _aIncludes bibliographical references (p. [166]-180) and indexes. | ||
| 511 | _aCatalogued By: Mahitab. | ||
| 650 | 0 |
_aEmotions _xHistory. |
|
| 942 |
_cBB _k152.409OAT _2ddc |
||
| 999 |
_c7467 _d7467 |
||